| 000 | 00938cab a2200349 4500 | ||
|---|---|---|---|
| 001 | ABS56827 | ||
| 008 | 090401t1997 xxu||||| |||| 00| 0 eng d | ||
| 035 | _a(Sirsi) u78079 | ||
| 041 | _aeng | ||
| 245 | _aSouth-west and Wales: South-west | ||
| 260 | _c1997 | ||
| 350 | _a0 | ||
| 490 |
_aProperty Week _v59(4) 25 April 1997, 41-53(8) |
||
| 650 | _aBATH | ||
| 650 | _aBOURNEMOUTH | ||
| 650 | _aCORNWALL | ||
| 650 | _aDEVON | ||
| 650 | _aDORSET | ||
| 650 | _aINDUSTRIAL MARKET | ||
| 650 | _aPROPERTY-COMMERCIAL PROPERTY-OFFICE PROPERTY-OFFICE PROPERTY MARKET | ||
| 650 | _aPLYMOUTH | ||
| 650 | _aPOOLE | ||
| 650 | _aPROPERTY-COMMERCIAL PROPERTY-RETAIL PROPERTY-RETAIL PROPERTY MARKET | ||
| 650 | _aSALISBURY | ||
| 650 | _aSOMERSET | ||
| 650 | _aSOUTH-WEST | ||
| 650 | _aTAUNTON | ||
| 650 | _aTRURO | ||
| 690 | _aPROPERTY-COMMERCIAL PROPERTY-COMMERCIAL PROPERTY MARKET | ||
| 942 | _n0 | ||
| 948 | _c30/04/1997 | ||
| 999 |
_c49126 _d49126 |
||